Normal view
MARC view
- Muhammad Maroof Hussain, Hafiz Rizwan Waheed
Entry Personal Name
001 - CONTROL NUMBER
- control field: 119838
003 - CONTROL NUMBER IDENTIFIER
- control field: NUST
005 - DATE AND TIME OF LATEST TRANSACTION
- control field: 20240104164246.0
008 - FIXED-LENGTH DATA ELEMENTS
- fixed length control field: 240104|| aca||aabn | a|a d
040 ## - CATALOGING SOURCE
- Original cataloging agency: NUST
- Transcribing agency: NUST
100 ## - HEADING--PERSONAL NAME
- Personal name: Muhammad Maroof Hussain, Hafiz Rizwan Waheed
670 ## - SOURCE DATA FOUND
- Source citation: Work cat.: (NUST): Muhammad Maroof Hussain, Hafiz Rizwan Waheed , PR-SOF-2276-Design and Implementation of Foldable & Trackable PV panel station, 2023.
